The business skills of graduate surveyors (Record no. 106459)

MARC details
000 -LEADER
fixed length control field 01052cam a2200229 4500
001 - CONTROL NUMBER
control field L136626
008 - FIXED-LENGTH DATA ELEMENTS--GENERAL INFORMATION
fixed length control field 070212n2005 000 0 eng u
035 ## - SYSTEM CONTROL NUMBER
System control number (Sirsi) u136626
041 0# - LANGUAGE CODE
Language code of text/sound track or separate title eng
100 1# - MAIN ENTRY--PERSONAL NAME
Personal name Berry, Maurice
245 04 - TITLE STATEMENT
Title The business skills of graduate surveyors
Medium [electronic resource]
260 ## - PUBLICATION, DISTRIBUTION, ETC.
Place of publication, distribution, etc. Brisbane
Name of publisher, distributor, etc. Queensland University of Technology
Date of publication, distribution, etc. 2005
490 #0 - SERIES STATEMENT
Series statement COBRA
Volume/sequential designation 2005
520 ## - SUMMARY, ETC.
Summary, etc. Discusses the role of lifelong learning and the increasing emphasis on the development of transferable key skills. Reports there to be significant support for the concept of improving the management skills of graduate surveyors, however the delivery methods appear to be controversial.
590 ## - LOCAL NOTE (RLIN)
Local note KA
651 #4 - SUBJECT ADDED ENTRY--GEOGRAPHIC NAME
Geographic name International
690 ## - LOCAL SUBJECT ADDED ENTRY--TOPICAL TERM (OCLC, RLIN)
Topical term or geographic name as entry element CAREERS, EDUCATION AND TRAINING
700 1# - ADDED ENTRY--PERSONAL NAME
Personal name Turrell, Pat
700 1# - ADDED ENTRY--PERSONAL NAME
Personal name Wilkinson, Sara J.
856 40 - ELECTRONIC LOCATION AND ACCESS
Uniform Resource Identifier <a href="https://www.rics.org/Careerseducationandtraining/Lifelonglearning/Business_skills_of_graduate_surveyors20051117.htm">https://www.rics.org/Careerseducationandtraining/Lifelonglearning/Business_skills_of_graduate_surveyors20051117.htm</a>
Public note View the item free of charge at www.rics.org...
942 ## - ADDED ENTRY ELEMENTS (KOHA)
Suppress in OPAC 0
Holdings
Withdrawn status Lost status Source of classification or shelving scheme Damaged status Not for loan Home library Current library Shelving location Date acquired Total Checkouts Full call number Barcode Date last seen Copy number Price effective from Koha item type
    Dewey Decimal Classification     Virtual Virtual Online 12/02/2007   ONLINE PUBLICATION 136626-1001 06/08/2019 1 06/08/2019 Book